[Event "Moscow Aeroflot op-A"]
[Site "Moscow"]
[Date "2024.03.05"]
[Round "6"]
[White "Talibov, Shiroghlan"]
[Black "Zubritskiy, Artyom"]
[Result "1/2-1/2"]
[WhiteElo "2347"]
[BlackElo "2468"]
[PlyCount "43"]
[EventDate "2024.03.03"]
[EventType "swiss"]
[EventRounds "9"]
[EventCountry "RUS"]
[SourceTitle "CB11_2024"]
[SourceDate "2024.03.13"]
[SourceVersion "1"]
[SourceVersionDate "2024.03.13"]
[SourceQuality "1"]

1. e4 c5 2. Nf3 d6 3. d4 cxd4 4. Nxd4 Nf6 5. Nc3 a6 6. Be2 e6 7. Be3 Be7 8. f4 Qc7 9. Bf3 0-0 10. Qe2 Nc6 11. 0-0 Nxd4 12. Bxd4 e5 13. fxe5 dxe5 14. Bf2 Be6 15. Rfd1 Bc5 16. Bxc5 Qxc5+ 17. Qf2 Rac8 18. Qxc5 Rxc5 19. Rd6 Rfc8 20. Rad1 Kf8 21. R1d2 Ke8 22. Kf2 1/2-1/2

[Event "Baku Jafarov Memorial"]
[Site "Baku"]
[Date "2024.01.04"]
[Round "1"]
[White "Talibov, Shiroghlan"]
[Black "Rasulov, Vugar Ural Oglu"]
[Result "1/2-1/2"]
[WhiteElo "2332"]
[BlackElo "2536"]
[PlyCount "67"]
[EventDate "2024.01.04"]
[EventType "tourn"]
[EventRounds "9"]
[EventCountry "AZE"]
[EventCategory "6"]
[SourceTitle "CB02_2024"]
[SourceDate "2024.01.10"]
[SourceVersion "1"]
[SourceVersionDate "2024.01.10"]
[SourceQuality "1"]

1. e4 c5 2. Nf3 d6 3. d4 cxd4 4. Nxd4 Nf6 5. Nc3 a6 6. Bg5 e6 7. f4 Qc7 8. Qf3 Nbd7 9. 0-0-0 Be7 10. g4 b5 11. Bxf6 gxf6 12. f5 Ne5 13. Qh3 b4 14. Nce2 exf5 15. Nxf5 Bxf5 16. gxf5 Rc8 17. Qb3 a5 18. Qa4+ Kf8 19. Rg1 Qc5 20. Nd4 Nc6 21. Ne2 h5 22. Kb1 h4 23. Rg2 h3 24. Rg3 Qf2 25. Qb3 Qxh2 26. Rxh3 Rxh3 27. Qxh3 Qxh3 28. Bxh3 Ne5 29. Nf4 Nc4 30. Nd5 Bd8 31. Bf1 Ne5 32. c3 Rb8 33. Kc2 bxc3 34. bxc3 1/2-1/2

[Event "Titled Tuesday intern op 26th Sep Late"]
[Site "Chess.com INT"]
[Date "2023.09.26"]
[Round "7"]
[White "Bortnyk, Olexandr"]
[Black "Talibov, Shiroghlan"]
[Result "1-0"]
[WhiteElo "2608"]
[BlackElo "2362"]
[PlyCount "35"]
[EventDate "2023.09.26"]
[EventType "swiss (blitz)"]
[EventRounds "11"]
[EventCountry "USA"]
[SourceTitle "EXT 2024"]
[Source "ChessBase"]
[SourceDate "2023.10.10"]
[SourceVersion "1"]
[SourceVersionDate "2023.10.10"]
[SourceQuality "1"]

1. d4 Nf6 2. Nc3 d5 3. Bf4 a6 4. e3 Bf5 5. Nf3 e6 6. Ne5 c5 7. g4 Be4 8. f3 Bg6 9. h4 h5 10. g5 Ng8 11. Nxg6 fxg6 12. Bh3 Kf7 13. Qd3 Qd7 14. dxc5 Bxc5 15. 0-0-0 Ne7 16. e4 d4 17. Nd5 Nbc6 18. Nc7 1-0

[Event "Titled Tuesday intern op 26th Sep Late"]
[Site "Chess.com INT"]
[Date "2023.09.26"]
[Round "5"]
[White "Talibov, Shiroghlan"]
[Black "Nakamura, Hikaru"]
[Result "1-0"]
[WhiteElo "2362"]
[BlackElo "2780"]
[PlyCount "91"]
[EventDate "2023.09.26"]
[EventType "swiss (blitz)"]
[EventRounds "11"]
[EventCountry "USA"]
[SourceTitle "EXT 2024"]
[Source "ChessBase"]
[SourceDate "2023.10.10"]
[SourceVersion "1"]
[SourceVersionDate "2023.10.10"]
[SourceQuality "1"]

1. e4 a6 2. h4 c5 3. b3 e5 4. c4 d6 5. Nc3 f5 6. g3 Nc6 7. Bg2 Nf6 8. d3 Be6 9. Bg5 Qa5 10. Nge2 fxe4 11. dxe4 Be7 12. 0-0 0-0 13. Nd5 Qd8 14. Bxf6 Bxf6 15. Kh2 Kh8 16. Bh3 Bg8 17. f3 b5 18. Rc1 Rb8 19. Kg2 g6 20. Qd2 Bg7 21. h5 gxh5 22. Bf5 bxc4 23. bxc4 Ne7 24. Nxe7 Qxe7 25. Rh1 Bf7 26. Nc3 Rg8 27. Nd5 Qf8 28. Rc2 Bh6 29. Qa5 Bg5 30. Qxa6 h4 31. g4 h5 32. Qa7 Rg7 33. Qa5 Bg6 34. Kh3 Bxf5 35. exf5 e4 36. Qa3 exf3 37. Qxf3 Bd8 38. Rg1 Rg5 39. Rcg2 Rb7 40. gxh5 Rbg7 41. Rxg5 Bxg5 42. Qc3 Bf6 43. Qe3 Rxg1 44. Qxg1 Bg7 45. Qg6 Qe7 46. Nxe7 1-0

[Event "Titled Tuesday intern op 19th Sep Early"]
[Site "Chess.com INT"]
[Date "2023.09.19"]
[Round "6"]
[White "Abdyjapar, Asyl"]
[Black "Talibov, Shiroghlan"]
[Result "0-1"]
[WhiteElo "2314"]
[BlackElo "2362"]
[PlyCount "64"]
[EventDate "2023.09.19"]
[EventType "swiss (blitz)"]
[EventRounds "11"]
[EventCountry "USA"]
[SourceTitle "EXT 2024"]
[Source "ChessBase"]
[SourceDate "2023.10.10"]
[SourceVersion "1"]
[SourceVersionDate "2023.10.10"]
[SourceQuality "1"]

1. Nf3 d5 2. c4 e6 3. g3 Nf6 4. b3 b6 5. Bg2 Bb7 6. 0-0 Nbd7 7. Bb2 Bd6 8. d4 Ne4 9. Nc3 f5 10. Nd2 0-0 11. f3 Nxc3 12. Bxc3 c5 13. cxd5 cxd4 14. Bxd4 e5 15. Bb2 Bxd5 16. e4 Bc5+ 17. Kh1 Be6 18. exf5 Bxf5 19. Ne4 Qe7 20. Nxc5 Nxc5 21. Qd5+ Kh8 22. Qxe5 Qf7 23. Ba3 Nd3 24. Qe3 Rfe8 25. Qg5 Re2 26. g4 Bg6 27. h4 h6 28. Qb5 Nf4 29. Rg1 Rd8 30. Bc1 Bd3 31. Qb4 Nxg2 32. Rxg2 Qxf3 0-1

[Event "AI Cup Play In"]
[Site "Chess.com INT"]
[Date "2023.09.18"]
[Round "1"]
[White "Volkov, Sergey"]
[Black "Talibov, Shiroghlan"]
[Result "1-0"]
[WhiteElo "2456"]
[BlackElo "2362"]
[PlyCount "59"]
[EventDate "2023.09.18"]
[EventType "swiss (rapid)"]
[EventRounds "9"]
[EventCountry "USA"]
[SourceTitle "EXT 2024"]
[Source "ChessBase"]
[SourceDate "2023.10.10"]
[SourceVersion "1"]
[SourceVersionDate "2023.10.10"]
[SourceQuality "1"]

1. d4 Nf6 2. c4 e6 3. Nc3 Bb4 4. f3 d5 5. a3 Bxc3+ 6. bxc3 c5 7. cxd5 exd5 8. e3 Nc6 9. Bd3 0-0 10. Ne2 Re8 11. 0-0 h5 12. Nf4 Qd6 13. Ra2 Bd7 14. Re2 Re7 15. Qe1 cxd4 16. cxd4 Nd8 17. Qh4 g6 18. Qg5 Be8 19. Kh1 Rc8 20. Bb2 Kg7 21. Qg3 Qb6 22. e4 Bb5 23. e5 Bxd3 24. exf6+ Qxf6 25. Nxh5+ Kf8 26. Nxf6 Rxe2 27. Bc1 Re6 28. Bh6+ Ke7 29. Nxd5+ Kd7 30. Rg1 1-0

[Event "Titled Tuesday intern op 12th Sep Early"]
[Site "Chess.com INT"]
[Date "2023.09.12"]
[Round "9"]
[White "Talibov, Shiroghlan"]
[Black "Bortnyk, Olexandr"]
[Result "0-1"]
[WhiteElo "2362"]
[BlackElo "2608"]
[PlyCount "52"]
[EventDate "2023.09.12"]
[EventType "swiss (blitz)"]
[EventRounds "11"]
[EventCountry "USA"]
[SourceTitle "EXT 2024"]
[Source "ChessBase"]
[SourceDate "2023.10.10"]
[SourceVersion "1"]
[SourceVersionDate "2023.10.10"]
[SourceQuality "1"]

1. e4 Nf6 2. e5 Nd5 3. c4 Nb6 4. d4 d6 5. f4 dxe5 6. fxe5 Bf5 7. Be3 e6 8. Nc3 Bb4 9. Be2 c5 10. a3 Bxc3+ 11. bxc3 Nc6 12. Nf3 0-0 13. 0-0 Na5 14. Nd2 Bg6 15. Kh1 Rc8 16. Rc1 Qd7 17. d5 Qa4 18. d6 Qxd1 19. Rfxd1 Nd7 20. Nf3 Nb3 21. Rb1 Bxb1 22. Rxb1 Na5 23. Bd3 Rc6 24. Be4 Rb6 25. Rxb6 axb6 26. Bd3 Ra8 0-1

[Event "Titled Tuesday intern op 12th Sep Early"]
[Site "Chess.com INT"]
[Date "2023.09.12"]
[Round "8"]
[White "Talibov, Shiroghlan"]
[Black "Csonka, Balazs"]
[Result "1-0"]
[WhiteElo "2362"]
[BlackElo "2469"]
[PlyCount "105"]
[EventDate "2023.09.12"]
[EventType "swiss (blitz)"]
[EventRounds "11"]
[EventCountry "USA"]
[SourceTitle "EXT 2024"]
[Source "ChessBase"]
[SourceDate "2023.10.10"]
[SourceVersion "1"]
[SourceVersionDate "2023.10.10"]
[SourceQuality "1"]

1. e4 e6 2. Qe2 e5 3. Nf3 Nc6 4. g3 g6 5. Bg2 Bg7 6. 0-0 Nge7 7. c3 0-0 8. Na3 h6 9. Nc2 d5 10. d3 Be6 11. Re1 Qd7 12. Be3 Rad8 13. Bc5 dxe4 14. dxe4 Qd3 15. Qxd3 Rxd3 16. Nb4 Rd7 17. Nxc6 bxc6 18. a4 Rb8 19. b4 Nc8 20. a5 a6 21. Bf1 Ra8 22. Rad1 Nd6 23. Kg2 Kf8 24. h3 Ke8 25. Nd2 Nb5 26. c4 Nc3 27. Rc1 Rxd2 28. Rxc3 Bf8 29. Bxf8 Kxf8 30. Rb1 Rb8 31. c5 Ba2 32. Ra1 Rxb4 33. Bxa6 Rxe4 34. Rd3 Rxd3 35. Bxd3 Ra4 36. Kh2 Rxa5 37. Bb1 Bxb1 38. Rxa5 Ke7 39. Ra7 Kd7 40. Kg2 Be4+ 41. Kf1 Bf3 42. Ke1 Bg2 43. h4 h5 44. Kd2 Be4 45. Ke3 Bd5 46. f4 exf4+ 47. Kxf4 Be6 48. Ke5 Bc4 49. Kf6 Bb3 50. Ra8 Bd5 51. Rf8 Bc4 52. Rxf7+ Bxf7 53. Kxf7 1-0

[Event "Titled Tuesday intern op 12th Sep Early"]
[Site "Chess.com INT"]
[Date "2023.09.12"]
[Round "5"]
[White "Talibov, Shiroghlan"]
[Black "Le, Tuan Minh"]
[Result "1/2-1/2"]
[WhiteElo "2362"]
[BlackElo "2559"]
[PlyCount "162"]
[EventDate "2023.09.12"]
[EventType "swiss (blitz)"]
[EventRounds "11"]
[EventCountry "USA"]
[SourceTitle "EXT 2024"]
[Source "ChessBase"]
[SourceDate "2023.10.10"]
[SourceVersion "1"]
[SourceVersionDate "2023.10.10"]
[SourceQuality "1"]

1. e4 c5 2. Nf3 Nf6 3. Nc3 d5 4. exd5 Nxd5 5. Bb5+ Bd7 6. Ne5 Nf6 7. Qf3 Qc8 8. Bxd7+ Nbxd7 9. Nc4 e6 10. d3 Be7 11. 0-0 0-0 12. a4 Nb6 13. b3 Nbd5 14. Bb2 Nb4 15. Qe2 Rd8 16. Ne4 Nxe4 17. dxe4 Bf8 18. Rad1 Qc7 19. h3 b6 20. Be5 Qb7 21. Bc3 Nc6 22. Rxd8 Rxd8 23. Rd1 Qc7 24. Rxd8 Qxd8 25. Qd2 Qxd2 26. Bxd2 Nd4 27. Ne3 g6 28. Kf1 Bh6 29. Bc3 Bxe3 30. fxe3 Nc6 31. Ke2 Kf8 32. Kd3 Ke7 33. Kc4 Kd6 34. Kb5 f5 35. exf5 exf5 36. Ka6 Kc7 37. h4 h5 38. Be1 Kb8 39. Bg3+ Ka8 40. c3 Ne7 41. a5 bxa5 42. c4 Nc6 43. Kb5 Nb4 44. Kxa5 Kb7 45. Bd6 Nd3 46. Kb5 a6+ 47. Ka4 Kc6 48. Bb8 Ne1 49. g3 Nd3 50. Ka5 Nc1 51. Ka4 Ne2 52. Ka5 Nc1 53. Ka4 Kb6 54. Bf4 Nd3 55. Ka3 Nf2 56. Ka4 Ne4 57. Ka3 Nf6 58. Ka4 Kb7 59. Be5 Ng4 60. Bf4 Nf2 61. Ka5 Nd3 62. Ka4 Nb4 63. Ka3 Nc6 64. Ka4 Kb6 65. Bd6 Nb4 66. Bf4 Nd3 67. Ka3 a5 68. Ka4 Nc1 69. Ka3 Kc6 70. Ka4 Nd3 71. Ka3 Kb6 72. Ka4 Ka6 73. Ka3 Nf2 74. Ka4 Ne4 75. Ka3 Nc3 76. Kb2 Ne2 77. Ka3 Kb6 78. Ka4 Nc3+ 79. Ka3 Ne4 80. Ka4 Nd2 81. Ka3 Ne4 1/2-1/2

[Event "Titled Tuesday intern op 05th Sep Early"]
[Site "Chess.com INT"]
[Date "2023.09.05"]
[Round "2"]
[White "Starosta, Martyna"]
[Black "Talibov, Shiroghlan"]
[Result "0-1"]
[WhiteElo "2180"]
[BlackElo "2362"]
[PlyCount "78"]
[EventDate "2023.09.05"]
[EventType "swiss (blitz)"]
[EventRounds "11"]
[EventCountry "USA"]
[SourceTitle "EXT 2024"]
[Source "ChessBase"]
[SourceDate "2023.10.10"]
[SourceVersion "1"]
[SourceVersionDate "2023.10.10"]
[SourceQuality "1"]

1. d4 Nf6 2. Nc3 e6 3. e4 d5 4. e5 Nfd7 5. f4 c5 6. Nf3 Nc6 7. Be3 a6 8. Qd2 b5 9. Be2 g6 10. 0-0 c4 11. Rae1 Nb6 12. Bf2 Be7 13. Nd1 Bd7 14. Ne3 Qc7 15. Bh4 Bxh4 16. Nxh4 h5 17. Nf3 0-0-0 18. Ng5 Be8 19. b3 Kb7 20. bxc4 bxc4 21. c3 Ka7 22. Rb1 Rb8 23. Qc2 Ne7 24. Rb2 Ba4 25. Qb1 Nc6 26. f5 gxf5 27. Nxf5 exf5 28. Rxf5 Rhf8 29. Bxh5 Nxd4 30. cxd4 c3 31. Rbf2 c2 32. Qc1 Nd7 33. Rxc2 Bxc2 34. Rf1 Nxe5 35. dxe5 Qc5+ 36. Kh1 Rb1 37. Qf4 Rxf1+ 38. Qxf1 Rb8 39. h3 Rb1 0-1

[Event "Titled Tuesday intern op 29th Aug Early"]
[Site "Chess.com INT"]
[Date "2023.08.29"]
[Round "1"]
[White "Talibov, Shiroghlan"]
[Black "Bueno, Alfeu Varela Jr"]
[Result "1-0"]
[WhiteElo "2337"]
[BlackElo "2135"]
[PlyCount "41"]
[EventDate "2023.08.29"]
[EventType "swiss (blitz)"]
[EventRounds "11"]
[EventCountry "USA"]
[SourceTitle "EXT 2024"]
[Source "ChessBase"]
[SourceDate "2023.10.10"]
[SourceVersion "1"]
[SourceVersionDate "2023.10.10"]
[SourceQuality "1"]

1. e4 e6 2. Qe2 e5 3. Nf3 Nc6 4. g3 Bc5 5. Bg2 Nf6 6. 0-0 d6 7. h3 0-0 8. d3 h6 9. Nbd2 Re8 10. c3 a5 11. Nc4 b5 12. Ne3 Ba6 13. Nh4 b4 14. Nhf5 Rb8 15. Ng4 bxc3 16. bxc3 d5 17. exd5 Nxd5 18. Ngxh6+ Kf8 19. Nxg7 Nxc3 20. Qh5 Kxg7 21. Nf5+ 1-0

[Event "Titled Tuesday intern op 29th Aug Late"]
[Site "Chess.com INT"]
[Date "2023.08.29"]
[Round "9"]
[White "Talibov, Shiroghlan"]
[Black "Chigaev, Maksim"]
[Result "0-1"]
[WhiteElo "2337"]
[BlackElo "2616"]
[PlyCount "44"]
[EventDate "2023.08.29"]
[EventType "swiss (blitz)"]
[EventRounds "11"]
[EventCountry "USA"]
[SourceTitle "EXT 2024"]
[Source "ChessBase"]
[SourceDate "2023.10.10"]
[SourceVersion "1"]
[SourceVersionDate "2023.10.10"]
[SourceQuality "1"]

1. e4 c5 2. Nf3 e6 3. d4 cxd4 4. Nxd4 Nc6 5. Nc3 Qc7 6. f4 a6 7. Nxc6 Qxc6 8. Bd3 b5 9. Qe2 Bb7 10. Bd2 Bc5 11. Nd5 Qd6 12. 0-0-0 exd5 13. exd5+ Ne7 14. Rhe1 Qxd5 15. Bc3 0-0-0 16. Bxb5 Qxa2 17. b4 Bxb4 18. Bxb4 Qa1+ 19. Kd2 Qd4+ 20. Kc1 Qxb4 21. Bxa6 Qa3+ 22. Kd2 Bxa6 0-1

[Event "Titled Tuesday intern op 29th Aug Late"]
[Site "Chess.com INT"]
[Date "2023.08.29"]
[Round "4"]
[White "Talibov, Shiroghlan"]
[Black "Martinez Alcantara, Jose Eduardo"]
[Result "1-0"]
[WhiteElo "2337"]
[BlackElo "2619"]
[PlyCount "83"]
[EventDate "2023.08.29"]
[EventType "swiss (blitz)"]
[EventRounds "11"]
[EventCountry "USA"]
[SourceTitle "EXT 2024"]
[Source "ChessBase"]
[SourceDate "2023.10.10"]
[SourceVersion "1"]
[SourceVersionDate "2023.10.10"]
[SourceQuality "1"]

1. e4 c5 2. Nf3 d6 3. d4 cxd4 4. Nxd4 a6 5. c4 e6 6. Nc3 Nf6 7. b3 b6 8. Bb2 Bb7 9. Bd3 Nbd7 10. 0-0 Be7 11. Qe2 0-0 12. Rad1 Qc7 13. Kh1 Rfe8 14. f4 Bf8 15. Bb1 Rad8 16. Nf3 e5 17. fxe5 dxe5 18. Nd5 Bxd5 19. exd5 g6 20. Rde1 Bd6 21. Ng5 Bb4 22. Rd1 Qd6 23. Be4 Rf8 24. Rd3 h6 25. Nxf7 Kxf7 26. Rg3 g5 27. Qh5+ Ke7 28. Qxh6 Rg8 29. Bf5 Bd2 30. Be6 Bf4 31. Rgf3 g4 32. Rxf4 exf4 33. Re1 Qb4 34. Re2 f3 35. Re3 f2 36. Bxg8+ Kd6 37. Qf4+ Ne5 38. Qxe5+ Kd7 39. Be6+ Ke8 40. Bxg4+ Kf8 41. Qxf6+ Kg8 42. Qg7# 1-0

[Event "Titled Tuesday intern op 29th Aug Early"]
[Site "Chess.com INT"]
[Date "2023.08.29"]
[Round "2"]
[White "Vestby Ellingsen, Mads"]
[Black "Talibov, Shiroghlan"]
[Result "0-1"]
[WhiteElo "2350"]
[BlackElo "2337"]
[PlyCount "76"]
[EventDate "2023.08.29"]
[EventType "swiss (blitz)"]
[EventRounds "11"]
[EventCountry "USA"]
[SourceTitle "EXT 2024"]
[Source "ChessBase"]
[SourceDate "2023.10.10"]
[SourceVersion "1"]
[SourceVersionDate "2023.10.10"]
[SourceQuality "1"]

1. e4 c5 2. Nf3 Nc6 3. Bb5 d6 4. 0-0 Bd7 5. c3 Nf6 6. Re1 a6 7. Bc4 b5 8. Bf1 e5 9. d4 Be7 10. a4 Rb8 11. d5 Na5 12. axb5 axb5 13. Na3 0-0 14. Nxe5 dxe5 15. d6 b4 16. dxe7 Qxe7 17. Nc4 Nxc4 18. Bxc4 Be6 19. Qe2 h6 20. f3 Nh5 21. Be3 Nf4 22. Bxf4 exf4 23. Red1 bxc3 24. bxc3 Rfd8 25. Bxe6 Qxe6 26. Rd2 Qe5 27. Rad1 Rxd2 28. Qxd2 Rb3 29. Qd8+ Kh7 30. Qd7 Qf6 31. e5 Qxe5 32. Qxf7 Rxc3 33. h4 Re3 34. h5 Qg5 35. Rf1 Re2 36. Rf2 Re1+ 37. Rf1 Re5 38. Rc1 Qg3 0-1

[Event "Titled Tuesday intern op 29th Aug Late"]
[Site "Chess.com INT"]
[Date "2023.08.29"]
[Round "8"]
[White "Vovk, Orest"]
[Black "Talibov, Shiroghlan"]
[Result "0-1"]
[WhiteElo "2315"]
[BlackElo "2337"]
[PlyCount "108"]
[EventDate "2023.08.29"]
[EventType "swiss (blitz)"]
[EventRounds "11"]
[EventCountry "USA"]
[SourceTitle "EXT 2024"]
[Source "ChessBase"]
[SourceDate "2023.10.10"]
[SourceVersion "1"]
[SourceVersionDate "2023.10.10"]
[SourceQuality "1"]

1. e4 c6 2. Nc3 d5 3. Qe2 d4 4. Nd1 e5 5. f4 exf4 6. d3 Bd6 7. e5 Qa5+ 8. Bd2 Qxe5 9. Nf3 Qxe2+ 10. Bxe2 c5 11. Nf2 Nf6 12. 0-0-0 Nc6 13. Ng5 0-0 14. Nfe4 Nxe4 15. Nxe4 Be7 16. Bxf4 Be6 17. Bf3 Nb4 18. a3 Nd5 19. Bd6 Bxd6 20. Nxd6 b6 21. Rde1 Rad8 22. Nc4 Rfe8 23. Kd2 f6 24. g3 Kf8 25. Re2 Bf7 26. Rxe8+ Bxe8 27. Bxd5 Rxd5 28. Re1 Kf7 29. b4 Bb5 30. bxc5 bxc5 31. Rb1 Bxc4 32. Rb7+ Kg6 33. dxc4 Rf5 34. Ke2 Re5+ 35. Kf2 Re3 36. Rxa7 Rc3 37. Ra4 Rxc2+ 38. Kf3 Kf5 39. g4+ Ke5 40. h4 g5 41. h5 f5 42. gxf5 Kxf5 43. Ra7 Rc3+ 44. Ke2 Rxc4 45. Rxh7 Rc2+ 46. Kd1 Rc3 47. Rf7+ Ke4 48. h6 Rxa3 49. h7 Rh3 50. Re7+ Kd3 51. Ke1 c4 52. Kf2 c3 53. Kg2 Rh6 54. Ra7 c2 0-1